| 000 | 01562nam a2200433Ii 4500 | ||
|---|---|---|---|
| 001 | DIGLKG0410 | ||
| 003 | NyNyDIG | ||
| 006 | m o d | ||
| 007 | cr ||||||||||| | ||
| 008 | 230316s2022 sp o 000 e spa d | ||
| 035 | _a(OCoLC)1374239552 | ||
| 040 |
_aDGITA _beng _erda _epn _cDGITA |
||
| 020 |
_a9788498972597 _qebook |
||
| 020 |
_z9788498972559 _qrústica |
||
| 020 |
_z9788498970050 _qCM |
||
| 043 | _anwcu--- | ||
| 050 | 1 | 4 | _aPQ7389.M185 ebook |
| 100 | 1 |
_aMañach, Jorge, _d1898-1961, _eauthor. |
|
| 245 | 1 | 4 |
_aLas intensiones de Hilario Casas : _bnarrativa y traducciones / _cJorge Mañach. |
| 264 | 1 |
_aBarcelona : _bRed ediciones S.L., _c2022. |
|
| 300 | _a1 online resource. | ||
| 336 |
_atext _btxt _2rdacontent |
||
| 337 |
_acomputer _bc _2rdamedia |
||
| 338 |
_aonline resource _bcr _2rdacarrier |
||
| 347 |
_atext file _2rdaft |
||
| 347 | _bEPUB | ||
| 490 | 1 |
_aLinkgua narrativa ; _v194 |
|
| 500 | _a"linkgua-digital.com"--Cover. | ||
| 588 | 0 | _aOnline resource; title from ePub title page (Digitalia, viewed March 16, 2023) | |
| 600 | 1 | 0 |
_aMañach, Jorge, _d1898-1961. |
| 655 | 7 |
_aEssays. _2lcgft |
|
| 791 | 2 |
_aDigitalia (Firm), _edistributor. |
|
| 793 | 0 |
_gDigitalia eBook Collection: _aLinkgua |
|
| 776 | 0 | 8 |
_iPrint version: _aMañach, Jorge, 1898-1961. _tIntensiones de Hilario Casas. _dBarcelona : Red ediciones S.L., 2022 _z9788498972559 |
| 830 | 0 |
_aNarrativa Linkgua ; _v194. |
|
| 856 | 4 | 0 |
_3Digitalia Hispánica _uhttps://www.digitaliapublishing.com/a/124849/ |
| 910 | _aPremium collection: 2023 | ||
| 942 | _cRAA | ||
| 999 |
_c276870 _d276870 |
||